<?xml version="1.0" encoding="UTF-8"?>
<record
    xmlns:xsi="http://www.w3.org/2001/XMLSchema-instance"
    xsi:schemaLocation="http://www.loc.gov/MARC21/slim http://www.loc.gov/standards/marcxml/schema/MARC21slim.xsd"
    xmlns="http://www.loc.gov/MARC21/slim">

  <leader>01656nam2a22002651  4500</leader>
  <controlfield tag="001">RU\NLR\INFOCOMM\1000034302</controlfield>
  <controlfield tag="005">20250617150313.0</controlfield>
  <datafield tag="035" ind1=" " ind2=" ">
    <subfield code="a">(NLR Aleph) 002733305</subfield>
  </datafield>
  <datafield tag="090" ind1=" " ind2=" ">
    <subfield code="a">1984739</subfield>
    <subfield code="c">1984739</subfield>
  </datafield>
  <datafield tag="100" ind1=" " ind2=" ">
    <subfield code="a">20040128d1923    |||y0rusy50      ca</subfield>
  </datafield>
  <datafield tag="101" ind1="0" ind2=" ">
    <subfield code="a">rus</subfield>
  </datafield>
  <datafield tag="102" ind1=" " ind2=" ">
    <subfield code="a">RU</subfield>
  </datafield>
  <datafield tag="105" ind1=" " ind2=" ">
    <subfield code="a">y   |||||||||</subfield>
  </datafield>
  <datafield tag="200" ind1="1" ind2=" ">
    <subfield code="a">I. &#x418;&#x437;&#x43C;&#x435;&#x43B;&#x44C;&#x447;&#x435;&#x43D;&#x438;&#x435; &#x434;&#x440;&#x435;&#x432;&#x435;&#x441;&#x438;&#x43D;&#x44B; &#x434;&#x43B;&#x44F; &#x43F;&#x440;&#x43E;&#x438;&#x437;&#x432;&#x43E;&#x434;&#x441;&#x442;&#x432;&#x430; &#x434;&#x443;&#x431;&#x438;&#x43B;&#x44C;&#x43D;&#x44B;&#x445; &#x44D;&#x43A;&#x441;&#x442;&#x440;&#x430;&#x43A;&#x442;&#x43E;&#x432;</subfield>
    <subfield code="a">II. &#x41F;&#x440;&#x43E;&#x435;&#x43A;&#x442;&#x438;&#x440;&#x43E;&#x432;&#x430;&#x43D;&#x438;&#x435; &#x438; &#x440;&#x430;&#x441;&#x447;&#x435;&#x442; &#x44D;&#x43A;&#x441;&#x442;&#x440;&#x430;&#x43A;&#x442;&#x43D;&#x44B;&#x445; &#x437;&#x430;&#x432;&#x43E;&#x434;&#x43E;&#x432;</subfield>
    <subfield code="a">III. &#x41E;&#x431; &#x443;&#x442;&#x438;&#x43B;&#x438;&#x437;&#x430;&#x446;&#x438;&#x438; &#x43E;&#x434;&#x443;&#x431;&#x438;&#x43D;&#x44B; &#x44D;&#x43A;&#x441;&#x442;&#x440;&#x430;&#x43A;&#x442;&#x43D;&#x44B;&#x445; &#x437;&#x430;&#x432;&#x43E;&#x434;&#x43E;&#x432;</subfield>
    <subfield code="a">IV. &#x41B;&#x430;&#x431;&#x43E;&#x440;&#x430;&#x442;&#x43E;&#x440;&#x43D;&#x44B;&#x435; &#x438;&#x441;&#x441;&#x43B;&#x435;&#x434;&#x43E;&#x432;&#x430;&#x43D;&#x438;&#x44F; &#x438;&#x437; &#x43E;&#x431;&#x43B;&#x430;&#x441;&#x442;&#x438; &#x43F;&#x440;&#x43E;&#x438;&#x437;&#x432;&#x43E;&#x434;&#x441;&#x442;&#x432;&#x430; &#x434;&#x443;&#x431;&#x43E;&#x432;&#x43E;&#x433;&#x43E; &#x438; &#x43A;&#x430;&#x448;&#x442;&#x430;&#x43D;&#x43E;&#x432;&#x43E;&#x433;&#x43E; &#x44D;&#x43A;&#x441;&#x442;&#x440;&#x430;&#x43A;&#x442;&#x43E;&#x432; &#x432; &#x41A;&#x438;&#x435;&#x432;&#x435; &#x438; &#x432; &#x41C;&#x430;&#x439;&#x43A;&#x43E;&#x43F;&#x435;</subfield>
    <subfield code="f">&#x41F;&#x430;&#x432;&#x43B;&#x43E;&#x432;&#x438;&#x447; &#x41F;.&#x418;.</subfield>
  </datafield>
  <datafield tag="210" ind1=" " ind2=" ">
    <subfield code="d">1923</subfield>
    <subfield code="a">&#x411;. &#x43C;.</subfield>
  </datafield>
  <datafield tag="461" ind1=" " ind2="0">
    <subfield code="1">001RU\NLR\INFOCOMM\1000034301</subfield>
    <subfield code="1">2001#$a&#x41D;&#x430;&#x443;&#x447;&#x43D;&#x43E;-&#x442;&#x435;&#x445;&#x43D;&#x438;&#x447;&#x435;&#x441;&#x43A;&#x438;&#x439; &#x441;&#x431;&#x43E;&#x440;&#x43D;&#x438;&#x43A; &#x412;&#x435;&#x441;&#x442;&#x43D;&#x438;&#x43A;&#x430; &#x412;&#x441;&#x435;&#x440;&#x43E;&#x441;&#x441;&#x438;&#x439;&#x441;&#x43A;&#x43E;&#x433;&#x43E; &#x43A;&#x43E;&#x436;&#x435;&#x432;&#x435;&#x43D;&#x43D;&#x43E;&#x433;&#x43E; &#x441;&#x438;&#x43D;&#x434;&#x438;&#x43A;&#x430;&#x442;&#x430;$h&#x421;&#x435;&#x440;&#x438;&#x44F; 2$i&#x414;&#x443;&#x431;&#x438;&#x43B;&#x44C;&#x43D;&#x44B;&#x435; &#x43C;&#x430;&#x442;&#x435;&#x440;&#x438;&#x430;&#x43B;&#x44B;$v&#x412;&#x44B;&#x43F;.1</subfield>
    <subfield code="9">1984732</subfield>
    <subfield code="a">&#x412;&#x441;&#x435;&#x440;&#x43E;&#x441;&#x441;&#x438;&#x439;&#x441;&#x43A;&#x438;&#x439; &#x43A;&#x43E;&#x436;&#x435;&#x432;&#x435;&#x43D;&#x43D;&#x44B;&#x439; &#x441;&#x438;&#x43D;&#x434;&#x438;&#x43A;&#x430;&#x442;</subfield>
    <subfield code="c">&#x41C;.</subfield>
    <subfield code="d">1923</subfield>
    <subfield code="h">&#x421;&#x435;&#x440;&#x438;&#x44F; 2</subfield>
    <subfield code="i">&#x414;&#x443;&#x431;&#x438;&#x43B;&#x44C;&#x43D;&#x44B;&#x435; &#x43C;&#x430;&#x442;&#x435;&#x440;&#x438;&#x430;&#x43B;&#x44B;</subfield>
    <subfield code="t">&#x41D;&#x430;&#x443;&#x447;&#x43D;&#x43E;-&#x442;&#x435;&#x445;&#x43D;&#x438;&#x447;&#x435;&#x441;&#x43A;&#x438;&#x439; &#x441;&#x431;&#x43E;&#x440;&#x43D;&#x438;&#x43A; &#x412;&#x435;&#x441;&#x442;&#x43D;&#x438;&#x43A;&#x430; &#x412;&#x441;&#x435;&#x440;&#x43E;&#x441;&#x441;&#x438;&#x439;&#x441;&#x43A;&#x43E;&#x433;&#x43E; &#x43A;&#x43E;&#x436;&#x435;&#x432;&#x435;&#x43D;&#x43D;&#x43E;&#x433;&#x43E; &#x441;&#x438;&#x43D;&#x434;&#x438;&#x43A;&#x430;&#x442;&#x430;</subfield>
    <subfield code="v">&#x412;&#x44B;&#x43F;.1</subfield>
  </datafield>
  <datafield tag="700" ind1=" " ind2="1">
    <subfield code="a">&#x41F;&#x430;&#x432;&#x43B;&#x43E;&#x432;&#x438;&#x447;</subfield>
    <subfield code="b">&#x41F;.&#x418;.</subfield>
    <subfield code="4">070</subfield>
  </datafield>
  <datafield tag="801" ind1=" " ind2="1">
    <subfield code="a">RU</subfield>
    <subfield code="b">InfoComm</subfield>
    <subfield code="c">20040128</subfield>
  </datafield>
  <datafield tag="801" ind1=" " ind2="0">
    <subfield code="a">RU</subfield>
    <subfield code="b">NLR</subfield>
    <subfield code="g">PSBO</subfield>
  </datafield>
  <datafield tag="852" ind1=" " ind2=" ">
    <subfield code="a">NLR</subfield>
    <subfield code="j">3/37</subfield>
  </datafield>
  <datafield tag="852" ind1=" " ind2=" ">
    <subfield code="a">NLR</subfield>
    <subfield code="j">18.390.2.34</subfield>
  </datafield>
  <datafield tag="942" ind1=" " ind2=" ">
    <subfield code="c">ISSUE</subfield>
  </datafield>
  <datafield tag="980" ind1=" " ind2=" ">
    <subfield code="a">NB</subfield>
  </datafield>
  <datafield tag="980" ind1=" " ind2=" ">
    <subfield code="a">RUSPER</subfield>
  </datafield>
</record>
